banner-ar

Nature and empire in Ottoman Egypt : (Record no. 60734)

MARC details
000 -الفاتح
حقل البيانات ثابتة الطول 01757cam a2200301 a 4500
005 - وقت وتاريخ اخر تعامل مع التسجيلة
رقم الضبط 20240530110425.0
008 - عناصر البيانات ثابتة الطول - معلومات عامة
حقل البيانات ثابتة الطول 101103s2012 ua ab f b 001 0 eng
010 ## -
-- 2010047013
020 ## - الرقم الدولى المعيارى للكتب
الرقم الدولى المعيارى للكتاب 9789774165542
040 ## - مصدر الفهرسة
وكالة الفهرسة الأصلية EG-CaGPL
وكالة النسخ EG-CaGPL
082 00 - رقم تصنيف ديوى العشرى
رقم الطبعة 21
رقم التصنيف 953.0962
رقم المادة CC/M N
100 1# - المدخل الرئيسى - إسم شخصى
الإسم الشخصى Mikhail, Alan,
التواريخ المصاحبة للاسم 1979-
245 10 - بيان العنوان
العنوان Nature and empire in Ottoman Egypt :
بقية العنوان an environmental history /
بيان المسئوليه,etc Alan Mikhail.
260 ## - PUBLICATION, DISTRIBUTION, ETC. (IMPRINT)
تاريخ النشر أو التوزيع 2011.
300 ## - الوصف المادى
التعداد xxv, 344 p. :
تفاصيل ماديه اخرى للوعاء ill., maps ;
أبعاد الوعاء 24 cm.
504 ## - تبصرة ببليوجرافية
تبصرة ببليوجرافية,الخ Includes bibliographical references (p. 305-330) and index.
650 #0 - المدخل الاضافى بالموضوع-مصطلح موضوعى
مصطلح موضوعي Human ecology
التقسيم الفرعي الجغرافي Egypt.
650 #0 - المدخل الاضافى بالموضوع-مصطلح موضوعى
مصطلح موضوعي Human beings
التقسيم الفرعي العام Effect of environment on
التقسيم الفرعي الجغرافي Egypt.
650 #0 - المدخل الاضافى بالموضوع-مصطلح موضوعى
مصطلح موضوعي Irrigation
التقسيم الفرعي العام Social aspects
التقسيم الفرعي الجغرافي Egypt.
650 #0 - المدخل الاضافى بالموضوع-مصطلح موضوعى
مصطلح موضوعي Technology and civilization.
651 #0 - المدخل الاضافى بالموضوع - اسم جغرافى
الاسم الجغرافي Egypt
التقسيم الفرعي العام History
التقسيم الفرعي الزمني 1517-1882.
942 ## - عناصر المدخل الإضافي( كوها)
مصدر التصنيف او مخطط الترفيف Dewey Decimal Classification
Koha [default] item type كتاب
260 ## - PUBLICATION, DISTRIBUTION, ETC. (IMPRINT)
-- Cambridge [England]
-- New York :
-- Cambridge University Press,
520 ## - التبصرة الخاصة بالتعليق أو التلخيص
ملخص,الخ "In the first ever environmental history of Ottoman Egypt, Alan Mikhail brings to life the complex relationships between Egyptians, their rural world along the Nile, and the Ottoman Empire. This detailed account of irrigation, grain cultivation, the movement of wood, disease, and labor challenges many longstanding ideas in both Ottoman and Egyptian history while at the same time demonstrating how environmental history offers new ways of thinking about the Middle East. This path braking book should be read by all those with interests in the Middle East, the Ottoman Empire, Egypt, environmental history, and early modern history"--
-- Provided by publisher.
830 #0 - المدخل الاضافى بالسلسلة -عنوان موحد
عنوان موحد Studies in environment and history.
Holdings
حالة التراجع حالة الفقد مصدر التصنيف او خطة الترفيف حالة تلف ليس للاعارة المكان المؤقت الموقع الحالى تاريخ الاكتساب اجمالي اﻻعارات رقم الطلب الباركود تاريخ اخر مشاهدة تاريخ تفعيل السعر نوع وعاء كوها
    ddc     مكتبة القاهرة الكبرى مكتبة القاهرة الكبرى 03/23/2015   953.0962 CC/M N 159842 03/23/2015 03/23/2015 كتاب

Powered By

EGPV